Watchmen /

Λεπτομέρειες βιβλιογραφικής εγγραφής
Κύριος συγγραφέας: Moore, Alan, 1953- (συγγραφέας.)
Άλλοι συγγραφείς: Gibbons, Dave, 1949- (εικονογράφος.)
Μορφή: Βιβλίο
Γλώσσα:English
Έκδοση: New York : DC Comics, c2008.
LEADER 00862cam a2200217 a 4500
001 15564332
003 GR-PaULI
005 20240522102740.0
008 081222s2008 nyua 000 c eng
010 |a  2008482121 
020 |a 9781401219260 
040 |a DLC  |c DLC  |b gre  |e AACR2 
082 0 4 |a 741.594 2  |2 23 
100 1 |a Moore, Alan,  |d 1953-  |9 203596  |e συγγραφέας. 
245 1 0 |a Watchmen /  |c Alan Moore, writer ; Dave Gibbons, illustrator/letterer ; John Higgins, colorist. 
260 |a New York :  |b DC Comics,  |c c2008. 
300 |a [436 σ.] :  |b εικ. ;  |c 27 εκ. 
700 1 |a Gibbons, Dave,  |d 1949-  |9 203597  |e εικονογράφος. 
942 |2 ddc  |c BK 
952 |0 0  |1 0  |2 ddc  |4 0  |6 741_594000000000000_2_MOO  |7 0  |9 380358  |a LISP  |b LISP  |c DON  |d 2024-05-22  |e ΜΑΡ  |i 365742  |l 0  |o 741.594 2 MOO  |p 025000310557  |r 2024-05-22 00:00:00  |t 1  |w 2024-05-22  |y BKN 
999 |c 221044  |d 221044